|
|
|
|
| LEADER |
00000nkm a2200000 a 4500 |
| 001 |
vtls010658301 |
| 003 |
SK-MaSNL |
| 005 |
20260512125114.0 |
| 007 |
kp co |
| 008 |
231206s1987 xo g kzslo |
| 035 |
|
|
|a 687F0DF3-D47E-427C-BCEA-086104B1663A
|
| 035 |
|
|
|a urn:nbn:sk:snk-kmxwy6
|
| 035 |
|
|
|a urn:nbn:sk:snk-km003a4r
|
| 040 |
|
|
|a SNK
|b slo
|c SNK
|e AACR2
|
| 041 |
0 |
|
|a slo
|
| 044 |
|
|
|a xo
|c SK
|
| 080 |
|
|
|a (437.6-17)
|2 2001
|
| 080 |
|
|
|a (084.121)
|2 2001
|
| 100 |
1 |
|
|a Hamza, Štefan
|c (fotograf)
|4 aut
|4 pht
|9 193154
|
| 245 |
1 |
0 |
|a Štrbské Pleso
|h grafika
|b Tatranský národný park : Vysoké Tatry - Štrbské Pleso (1355 m) : Nové Štrbské pleso : hotel Patria pri Štrbskom plese (1346 m) : liečebné domy Čs. štátnych kúpeľov : pri Krupej - odtok z Popradského plesa; v pozadí masív Satana (2416 m) a Kôprovské sedlo
|c foto: Štefan Hamza, Bohuslav Zemiar, Milan Šmátrala
|
| 260 |
|
|
|a Bratislava
|b Pravda
|c [1987]
|
| 300 |
|
|
|a 1 pohľadnica
|b farebná
|c 11 x 15 cm
|
| 520 |
8 |
|
|a Zobrazenie: 4 čiastkové pohľady
|
| 651 |
|
7 |
|a Štrbské pleso (Vysoké Tatry, Slovensko)
|2 SNKPH
|9 174793
|
| 655 |
|
7 |
|a geografické pohľadnice
|2 SNKPH
|9 70522
|
| 655 |
|
7 |
|a miestne pohľadnice
|2 SNKPH
|9 70510
|
| 700 |
1 |
|
|a Zemiar, Bohuslav,
|d 1952-
|4 pht
|9 47876
|
| 700 |
1 |
|
|a Šmátrala, Milan
|4 pht
|9 5388
|
| 852 |
|
|
|a Slovenská národná knižnica
|
| 958 |
|
|
|a GC
|
| 958 |
|
|
|a GBN
|
| 958 |
|
|
|a OND
|
| 999 |
|
|
|c 1015027
|d 1016957
|
| 952 |
|
|
|a SNK
|b SNK
|y PREZ
|7 0
|p 17A0811136
|o snkSP 152859
|i snk2015/7493
|8 3
|g 0.50
|0 0
|1 0
|4 0
|d 2015-03-03
|f 1
|l 0
|r 2026-02-24 13:05:47
|w 2026-02-24
|